LEADER 01510nam 2200409 a 450 001 9910696809503321 005 20230902161736.0 035 $a(CKB)5470000002382791 035 $a(OCoLC)516135036 035 $a(OCoLC)649394571 035 $a(EXLCZ)995470000002382791 100 $a20100216d2002 ua 0 101 0 $aeng 135 $aurbn||||||||| 181 $ctxt$2rdacontent 182 $cc$2rdamedia 183 $acr$2rdacarrier 200 10$aAtomic energy$b[electronic resource] $ecooperation : protocol between the United States of America and Morocco amending the agreement of May 30, 1980 signed at Rabat, September 20, 2001 210 1$a[Washington, D.C.] :$cU.S. Dept. of State,$d[2002?] 215 $a1 online resource (9 unnumbered pages) 225 1 $aTreaties and other international acts series ;$v13168 300 $aTitle from title screen (viewed on Feb. 16, 2010). 410 0$aTreaties and other international acts series ;$v13168. 517 $aAtomic energy 606 $aNuclear nonproliferation 606 $aNuclear energy$xLaw and legislation$zUnited States 606 $aNuclear energy$xLaw and legislation$zMorocco 615 0$aNuclear nonproliferation. 615 0$aNuclear energy$xLaw and legislation 615 0$aNuclear energy$xLaw and legislation 712 02$aUnited States.$bDepartment of State. 801 0$bGPO 801 1$bGPO 906 $aBOOK 912 $a9910696809503321 996 $aAtomic energy$92245291 997 $aUNINA